| 000 | 00670nam a2200205 a 4500 | ||
|---|---|---|---|
| 001 | 5944 | ||
| 003 | CDMR | ||
| 005 | 20151019134801.0 | ||
| 008 | 130220s2005||||||||||||||||||||||||||||d | ||
| 020 | _a8497911148 | ||
| 040 |
_aCDMR _bcat _cCDMR |
||
| 100 | 1 |
_aPàmies, Teresa _92958 |
|
| 245 | 1 | 0 |
_aEstem en guerra _b: escrits 1936-1939 _cTeresa Pàmies ; edició, introducció i entrevista a cura de Xènia Guirao i David Jané |
| 260 |
_aValls _bCossetània _c2005 |
||
| 300 |
_a208 p ; _c17 cm |
||
| 490 | 0 |
_aMemòria del segle XX _v4 |
|
| 600 | 1 |
_92958 _aPàmies, Teresa _vRecull d'escrits |
|
| 650 | 0 | 4 |
_93196 _aEspanya _xHistòria _y1936-1939, Guerra Civil |
| 942 |
_cMON _2udc |
||
| 999 |
_c5944 _d5944 |
||